00783cam a22002537a 4500003000500000005001700005008004100022010000800063011000900071035000800080040000900088082002900097110000800126245014200134260002300276300001000299410000800309490004900317650003300366650005700399700001600456810000800472830004900480CHAP20220817040809.0971013s1989 it r 00010 eng d a457 a1429 a605 cCHAP a639.2bF3y v.101 Suppl.3 aFAO10aComputer programs for fish stock assesment :bANACO, Software for the analysis of catch data by age group on IBM PC and compatiblesc/FAO aRome :bFAO,c1989 a73 p. aFAO 0aDocumento técnico de pescav; 101 suppl. 314aLenguajes de programación.14aProcesamiento automático de datos en piscicultura.0 aMesnial, B.0 aFAO00aDocumento técnico de pescav; 101 suppl. 3